[Event "Moscow RGSU op"]
[Site "Moscow"]
[Date "2016.12.18"]
[Round "4"]
[White "Atabayev, Maksat"]
[Black "Losev, Dmitry"]
[Result "1-0"]
[WhiteElo "2492"]
[BlackElo "2170"]
[PlyCount "20"]
[EventDate "2016.12.13"]
[EventType "swiss"]
[EventRounds "9"]
[EventCountry "RUS"]
[SourceTitle "CBM 176 Extra"]
[Source "ChessBase"]
[SourceDate "2017.03.02"]
[SourceVersion "1"]
[SourceVersionDate "2017.03.02"]
[SourceQuality "1"]

1. e4 c5 2. Nf3 d6 3. d4 cxd4 4. Nxd4 Nf6 5. Nc3 g6 6. Be3 Bg7 7. f3 h5 8. Qd2 a6 9. 0-0-0 Nbd7 10. Bg5 b5 1-0

[Event "Moscow Cup"]
[Site "Moscow"]
[Date "2015.12.17"]
[Round "7"]
[White "Zhadanov, Vasili B"]
[Black "Losev, Dmitry"]
[Result "1-0"]
[WhiteElo "2321"]
[BlackElo "2181"]
[PlyCount "65"]
[EventDate "2015.12.03"]
[EventType "tourn"]
[EventRounds "9"]
[EventCountry "RUS"]
[SourceTitle "EXT 2018"]
[Source "ChessBase"]
[SourceDate "2017.10.13"]
[SourceVersion "1"]
[SourceVersionDate "2017.10.13"]
[SourceQuality "1"]

1. d4 g6 2. e4 d6 3. Nc3 Bg7 4. f4 a6 5. Be2 b5 6. Bf3 c6 7. Be3 Qc7 8. Qd2 Nd7 9. Nge2 Nb6 10. b3 Nf6 11. a4 b4 12. Nd1 a5 13. Nf2 h5 14. h3 h4 15. 0-0 Nh5 16. Rfe1 Ba6 17. c4 c5 18. Rad1 Nd7 19. Bg4 Rd8 20. Bxd7+ Rxd7 21. dxc5 0-0 22. cxd6 Rxd6 23. Qc2 e5 24. fxe5 Rxd1 25. Rxd1 Bc8 26. Nf4 Ng3 27. N2d3 Nxe4 28. Nd5 Qb7 29. Nc5 Nxc5 30. Bxc5 Re8 31. Qf2 Bf5 32. Qxh4 Bc2 33. Ne7+ 1-0

[Event "Moscow Cup"]
[Site "Moscow"]
[Date "2015.12.05"]
[Round "2"]
[White "Losev, Dmitry"]
[Black "Teiitbaev, Aktilek"]
[Result "1-0"]
[WhiteElo "2181"]
[BlackElo "1955"]
[PlyCount "93"]
[EventDate "2015.12.03"]
[EventType "tourn"]
[EventRounds "9"]
[EventCountry "RUS"]
[SourceTitle "EXT 2018"]
[Source "ChessBase"]
[SourceDate "2017.10.13"]
[SourceVersion "1"]
[SourceVersionDate "2017.10.13"]
[SourceQuality "1"]

1. e4 e5 2. Nf3 Nf6 3. Nxe5 d6 4. Nd3 Nxe4 5. Qe2 Qe7 6. b3 Nc6 7. Bb2 Bd7 8. Na3 0-0-0 9. 0-0-0 f5 10. f3 Nf6 11. Qf2 Qf7 12. Nb5 a6 13. Nc3 g6 14. Nf4 Bg7 15. Bc4 Qf8 16. Rhe1 Kb8 17. Kb1 Re8 18. d4 Nd8 19. a4 g5 20. Nd3 Be6 21. d5 Bc8 22. a5 Nd7 23. f4 gxf4 24. Nxf4 Ne5 25. Nh5 Rg8 26. Nxg7 Qxg7 27. Bf1 Qg5 28. Bc1 Qf6 29. h3 Rgf8 30. Qd4 Nd7 31. Qb4 Rxe1 32. Rxe1 c5 33. Qc4 Ne5 34. Qe2 Qh4 35. Na4 f4 36. Nxc5 f3 37. Qe3 Qb4 38. Ne4 f2 39. Re2 Qxa5 40. Nxd6 Ng6 41. Nc4 Qc7 42. Ba3 Rf6 43. d6 Qc6 44. Ne5 Nxe5 45. Qxe5 Re6 46. Qg3 Bd7 47. Qxf2 1-0

[Event "Moscow VAO IM 01"]
[Site "Moscow"]
[Date "2015.01.??"]
[Round "7"]
[White "Losev, Dmitry"]
[Black "Vasilyev, Vasily"]
[Result "1/2-1/2"]
[WhiteElo "2229"]
[BlackElo "2280"]
[PlyCount "107"]
[EventDate "2015.01.20"]
[EventType "tourn"]
[EventRounds "13"]
[EventCountry "RUS"]
[EventCategory "3"]
[SourceTitle "EXT 2016"]
[Source "ChessBase"]
[SourceDate "2015.10.08"]
[SourceVersion "1"]
[SourceVersionDate "2015.10.08"]
[SourceQuality "1"]

1. e4 c5 2. Nc3 Nc6 3. f4 d6 4. Nf3 g6 5. Bb5 Bd7 6. 0-0 Bg7 7. d3 Nd4 8. Bxd7+ Qxd7 9. Kh1 e6 10. Be3 Ne7 11. Qd2 b5 12. Nd1 Rb8 13. Nh4 f5 14. c3 Ndc6 15. Nf2 b4 16. Nf3 bxc3 17. bxc3 0-0 18. Rab1 h6 19. h3 Rb7 20. Rb3 Rxb3 21. axb3 Rb8 22. Qc2 Na5 23. Rb1 Qb5 24. c4 Qd7 25. d4 fxe4 26. Nxe4 Nf5 27. Bd2 Nc6 28. dxc5 d5 29. Qd3 Qd8 30. cxd5 Qxd5 31. Qxd5 exd5 32. Nc3 Bxc3 33. Bxc3 d4 34. Bd2 Rb5 35. b4 a5 36. Ne5 Nxe5 37. fxe5 Ne7 38. e6 g5 39. Kg1 axb4 40. Rxb4 Rxb4 41. Bxb4 Kg7 42. Kf2 Nc6 43. Bd2 Ne5 44. h4 gxh4 45. Ke2 Kf6 46. Bxh6 Kxe6 47. Bg5 Ng6 48. c6 Kd6 49. Kd3 Kxc6 50. Kxd4 Kd6 51. Ke4 Ke6 52. Bd2 Kf6 53. Bc1 h3 54. gxh3 1/2-1/2

[Event "Moscow VAO IM 03"]
[Site "Moscow"]
[Date "2015.??.??"]
[Round "?"]
[White "Drogovoz, Irina"]
[Black "Losev, Dmitry"]
[Result "0-1"]
[WhiteElo "2218"]
[BlackElo "2229"]
[PlyCount "66"]
[EventDate "2015.03.??"]
[EventType "tourn"]
[EventRounds "11"]
[EventCountry "RUS"]
[EventCategory "1"]
[SourceTitle "EXT 2016"]
[Source "ChessBase"]
[SourceDate "2015.10.08"]
[SourceVersion "1"]
[SourceVersionDate "2015.10.08"]
[SourceQuality "1"]

1. d4 g6 2. c4 Bg7 3. Nf3 d6 4. g3 c5 5. d5 e5 6. dxe6 Bxe6 7. Qc2 Nc6 8. Bd2 Nf6 9. Bg2 0-0 10. 0-0 Qd7 11. Na3 d5 12. cxd5 Nxd5 13. Rfd1 b6 14. Bc3 Ncb4 15. Qc1 Nxc3 16. bxc3 Qa4 17. Ng5 Nxa2 18. Rxa2 Bxa2 19. Bxa8 Rxa8 20. Rd2 Bb3 21. c4 Re8 22. e3 h6 23. Nf3 Qc6 24. Ne1 Ba4 25. Nd3 a6 26. Nb1 Qf6 27. Nf4 Qa1 28. Nd5 b5 29. Nc7 Rf8 30. Nxa6 bxc4 31. Re2 c3 32. Nxc5 c2 33. Re1 Bb2 0-1

[Event "Moscow VAO IM 10"]
[Site "Moscow"]
[Date "2015.??.??"]
[Round "?"]
[White "Martynyuk, Elizaveta"]
[Black "Losev, Dmitry"]
[Result "1-0"]
[WhiteElo "2084"]
[BlackElo "2229"]
[PlyCount "87"]
[EventDate "2015.10.22"]
[EventType "tourn"]
[EventRounds "13"]
[EventCountry "RUS"]
[EventCategory "12"]
[SourceTitle "EXT 2017"]
[Source "ChessBase"]
[SourceDate "2016.10.25"]
[SourceVersion "1"]
[SourceVersionDate "2016.10.25"]
[SourceQuality "1"]

1. e4 c5 2. Nf3 d6 3. d4 cxd4 4. Nxd4 Nf6 5. Nc3 g6 6. Be3 Bg7 7. f3 Nbd7 8. g4 a6 9. Qd2 b5 10. Nc6 Qc7 11. Nxe7 Ne5 12. Ned5 Nxf3+ 13. Kf2 Nxd2 14. Nxc7+ Kd8 15. Nxa8 Nxg4+ 16. Ke2 Nc4 17. Bg5+ f6 18. Bf4 Re8 19. Rd1 b4 20. Nd5 Rxe4+ 21. Kf3 f5 22. Bg5+ Ke8 23. Bd3 Nce5+ 24. Kg3 Nxd3 25. Rxd3 Be5+ 26. Bf4 Rxf4 27. Nxf4 g5 28. Re1 Kf7 29. Rxe5 dxe5 30. Nd5 f4+ 31. Kg2 Bb7 32. Nac7 Nf6 33. Kg1 e4 34. Rd4 a5 35. Nxf6 Kxf6 36. Rd6+ Kf5 37. Rb6 Bc8 38. Ne8 Bd7 39. Nf6 Bc8 40. Nxh7 e3 41. Rb5+ Kg4 42. Rxg5+ Kf3 43. Kf1 Bb7 44. Rxa5 1-0

[Event "Moscow-chT"]
[Site "Moscow"]
[Date "2014.10.04"]
[Round "5.5"]
[White "Maslov, Ivan"]
[Black "Losev, Dmitry"]
[Result "1/2-1/2"]
[WhiteElo "2095"]
[BlackElo "2270"]
[PlyCount "102"]
[EventDate "2014.09.27"]
[EventType "team-tourn"]
[EventRounds "11"]
[EventCountry "RUS"]
[SourceTitle "CBM 162 Extra"]
[Source "ChessBase"]
[SourceDate "2014.10.17"]
[SourceVersion "1"]
[SourceVersionDate "2014.10.17"]
[SourceQuality "1"]
[WhiteTeam "Palace"]
[BlackTeam "Karpov Chess School"]
[WhiteTeamCountry "RUS"]
[BlackTeamCountry "RUS"]

1. d4 Nf6 2. c4 e6 3. g3 c5 4. Nf3 b6 5. Bg2 Bb7 6. 0-0 cxd4 7. Qxd4 Nc6 8. Qd1 Be7 9. Nc3 0-0 10. b3 a6 11. Bb2 Qb8 12. Na4 Qa7 13. Nd4 Rfd8 14. e4 Rac8 15. Qd2 d6 16. Qe3 Ne5 17. Ne2 Rb8 18. h3 Bc6 19. Nac3 Be8 20. Kh1 Nc6 21. Nd4 Qc7 22. Rac1 Nxd4 23. Qxd4 Qc5 24. Ne2 Bc6 25. Qd3 Ba8 26. Kh2 Qa5 27. Bc3 Qa3 28. Qd2 Qc5 29. Qd3 Nd7 30. Bd4 Qc7 31. Rfd1 Bf6 32. Bxf6 Nxf6 33. b4 Qe7 34. Qe3 h6 35. Nd4 Nd7 36. Nb3 Ne5 37. f4 Nd7 38. c5 dxc5 39. bxc5 Nxc5 40. Rxd8+ Qxd8 41. Nxc5 bxc5 42. Qxc5 g6 43. Qc7 Kg7 44. Qc3+ Kg8 45. h4 Bb7 46. Qc7 a5 47. Qe5 Rc8 48. Rxc8 Bxc8 49. Qb5 Bd7 50. Qd3 Qc7 51. e5 h5 1/2-1/2

[Event "Moscow VAO IM 04"]
[Site "Moscow"]
[Date "2014.04.??"]
[Round "1"]
[White "Losev, Dmitry"]
[Black "Arustamian, Artur"]
[Result "1/2-1/2"]
[WhiteElo "2250"]
[BlackElo "2368"]
[PlyCount "26"]
[EventDate "2014.04.16"]
[EventType "tourn"]
[EventRounds "13"]
[EventCountry "RUS"]
[SourceTitle "EXT 2015"]
[Source "ChessBase"]
[SourceDate "2014.11.20"]
[SourceVersion "1"]
[SourceVersionDate "2014.11.20"]
[SourceQuality "1"]

1. e4 e5 2. Nf3 Nf6 3. Nxe5 d6 4. Nf3 Nxe4 5. Qe2 Qe7 6. d3 Nf6 7. Bg5 Qxe2+ 8. Bxe2 Be7 9. Nc3 Nc6 10. 0-0-0 Bd7 11. d4 0-0-0 12. Bc4 Rhf8 13. Rhe1 Rde8 1/2-1/2

[Event "Moscow Cup Final"]
[Site "Moscow"]
[Date "2013.12.15"]
[Round "9"]
[White "Erzhanov, Arman"]
[Black "Losev, Dmitry"]
[Result "1-0"]
[WhiteElo "2325"]
[BlackElo "2265"]
[PlyCount "73"]
[EventDate "2013.12.01"]
[EventType "tourn"]
[EventRounds "9"]
[EventCountry "RUS"]
[EventCategory "3"]
[SourceTitle "CBM 157 Extra"]
[Source "ChessBase"]
[SourceDate "2013.12.19"]
[SourceVersion "1"]
[SourceVersionDate "2013.12.19"]
[SourceQuality "1"]

1. e4 c5 2. Ne2 d6 3. g3 Nf6 4. Bg2 g6 5. c3 Bg7 6. d4 0-0 7. 0-0 Na6 8. h3 Rb8 9. f4 b5 10. d5 e6 11. dxe6 fxe6 12. g4 Bb7 13. Ng3 Qc7 14. Be3 d5 15. e5 Nd7 16. g5 b4 17. h4 Nb6 18. Bh3 Qc6 19. Bg2 Qb5 20. Bh3 Nc7 21. a4 Qc6 22. cxb4 d4 23. Bd2 Nc4 24. b5 Qd5 25. b3 Nxe5 26. Ba5 Rbc8 27. Nd2 Nf7 28. Qg4 e5 29. f5 gxf5 30. Rxf5 Nd6 31. Rxf8+ Rxf8 32. Bxc7 Bc8 33. Bg2 Qf7 34. Qh5 Qxc7 35. Bd5+ Kh8 36. Rf1 Nf5 37. Be4 1-0

[Event "Moscow Cup Final"]
[Site "Moscow"]
[Date "2013.12.03"]
[Round "4"]
[White "Losev, Dmitry"]
[Black "Babikov, Ivan"]
[Result "1-0"]
[WhiteElo "2265"]
[BlackElo "2284"]
[PlyCount "42"]
[EventDate "2013.12.01"]
[EventType "tourn"]
[EventRounds "9"]
[EventCountry "RUS"]
[EventCategory "3"]
[SourceTitle "CBM 157 Extra"]
[Source "ChessBase"]
[SourceDate "2013.12.19"]
[SourceVersion "1"]
[SourceVersionDate "2013.12.19"]
[SourceQuality "1"]

1. e4 e5 2. Nf3 Nc6 3. Bc4 Nf6 4. Ng5 d5 5. exd5 Na5 6. Bb5+ c6 7. dxc6 bxc6 8. Be2 h6 9. Nf3 e4 10. Ne5 Bd6 11. f4 exf3 12. Nxf3 0-0 13. 0-0 c5 14. b3 Bb7 15. Bb2 Re8 16. Na3 Bc7 17. Bb5 Re4 18. Bd3 Rg4 19. Bf5 Rf4 20. Bh3 Qd5 21. Nb5 a6 1-0

[Event "Moscow Cup Final"]
[Site "Moscow"]
[Date "2013.12.03"]
[Round "5"]
[White "Tarasov, Alexandr"]
[Black "Losev, Dmitry"]
[Result "1-0"]
[WhiteElo "2184"]
[BlackElo "2265"]
[PlyCount "54"]
[EventDate "2013.12.01"]
[EventType "tourn"]
[EventRounds "9"]
[EventCountry "RUS"]
[EventCategory "3"]
[SourceTitle "CBM 157 Extra"]
[Source "ChessBase"]
[SourceDate "2013.12.19"]
[SourceVersion "1"]
[SourceVersionDate "2013.12.19"]
[SourceQuality "1"]

1. d4 g6 2. Nf3 Bg7 3. c4 d6 4. Nc3 Bg4 5. e3 c5 6. dxc5 Bxc3+ 7. bxc3 dxc5 8. Qxd8+ Kxd8 9. Ne5 Be6 10. Ba3 b6 11. Be2 Nd7 12. Bf3 Nxe5 13. Bxa8 Nf6 14. Bd5 Bxd5 15. cxd5 Kc7 16. 0-0-0 Rd8 17. Kc2 Neg4 18. Rhf1 Ne4 19. c4 Nxh2 20. Rh1 Ng4 21. Rxh7 Ng5 22. Rh4 f5 23. Rf1 Ne4 24. Rh7 Kd7 25. Rg7 Ne5 26. Bc1 Ng4 27. Rxg6 Nexf2 1-0

[Event "Moscow Victory Day op"]
[Site "Moscow"]
[Date "2013.05.18"]
[Round "9"]
[White "Losev, Dmitry"]
[Black "Zubkov, Vsevolod"]
[Result "1-0"]
[WhiteElo "2274"]
[BlackElo "1929"]
[PlyCount "72"]
[EventDate "2013.05.04"]
[EventType "swiss"]
[EventRounds "9"]
[EventCountry "RUS"]
[SourceTitle "CBM 154 Extra"]
[Source "ChessBase"]
[SourceDate "2013.06.25"]
[SourceVersion "2"]
[SourceVersionDate "2013.06.25"]
[SourceQuality "1"]

1. e4 e6 2. d4 d5 3. Nd2 c5 4. exd5 exd5 5. Bb5+ Bd7 6. Qe2+ Be7 7. dxc5 Nf6 8. Nb3 0-0 9. Be3 a6 10. Bd3 Ba4 11. Nf3 Re8 12. Nfd4 Nbd7 13. 0-0 Nxc5 14. Rad1 Bxb3 15. Nxb3 Nxb3 16. axb3 Bc5 17. Qf3 Bxe3 18. fxe3 Qb6 19. Rde1 Re5 20. Qf4 Rae8 21. Rf3 R8e7 22. Kf1 h6 23. Re2 Ne4 24. Qg4 Qa5 25. Bxe4 dxe4 26. Rg3 f5 27. Qf4 Rd5 28. Qxh6 f4 29. Rg4 f3 30. gxf3 exf3 31. Re1 f2 32. Re2 Rf7 33. Rxg7+ Rxg7 34. Qe6+ Rf7 35. Rxf2 Rd1+ 36. Kg2 Qd5+ 1-0

[Event "Moscow Victory Day op"]
[Site "Moscow"]
[Date "2013.05.14"]
[Round "7"]
[White "Khorsun, Vsevolod"]
[Black "Losev, Dmitry"]
[Result "1-0"]
[WhiteElo "1929"]
[BlackElo "2274"]
[PlyCount "111"]
[EventDate "2013.05.04"]
[EventType "swiss"]
[EventRounds "9"]
[EventCountry "RUS"]
[SourceTitle "CBM 154 Extra"]
[Source "ChessBase"]
[SourceDate "2013.06.25"]
[SourceVersion "2"]
[SourceVersionDate "2013.06.25"]
[SourceQuality "1"]

1. e4 c5 2. g3 d5 3. exd5 Qxd5 4. Nf3 Bg4 5. Bg2 Qe6+ 6. Kf1 Nc6 7. h3 Bh5 8. Nc3 Qd7 9. d3 e6 10. Bf4 Nf6 11. Qd2 Be7 12. Re1 0-0 13. g4 Bg6 14. Nh4 Rad8 15. Nxg6 hxg6 16. Rd1 Qc8 17. Qe3 Nb4 18. Rd2 Nfd5 19. Nxd5 Nxd5 20. Bxd5 Rxd5 21. Kg2 Bf6 22. c3 g5 23. Bg3 e5 24. f3 c4 25. dxc4 Rxd2+ 26. Qxd2 Qxc4 27. b3 Qc6 28. c4 e4 29. Qe2 Re8 30. Re1 Bc3 31. Rf1 e3 32. Be1 Bd4 33. Bb4 Qf6 34. Bd2 Qf4 35. Re1 Re6 36. Bc1 Bc3 37. Rg1 Be5 38. Kf1 Bc7 39. Rg2 Bb6 40. Rg1 Rh6 41. Kg2 a5 42. Rh1 Bc5 43. Rg1 b6 44. Rh1 Rd6 45. Re1 Re6 46. Rg1 Bb4 47. Kf1 Bc5 48. Kg2 Rf6 49. Bb2 Rd6 50. Bc1 Qe5 51. Re1 Re6 52. Rg1 Bd4 53. Re1 g6 54. Rd1 f5 55. Qd3 e2 56. Re1 1-0

[Event "Moscow-ch"]
[Site "Moscow"]
[Date "2013.03.22"]
[Round "1"]
[White "Balashov, Yuri S"]
[Black "Losev, Dmitry"]
[Result "1-0"]
[WhiteElo "2481"]
[BlackElo "2285"]
[PlyCount "62"]
[EventDate "2013.03.22"]
[EventType "swiss"]
[EventRounds "9"]
[EventCountry "RUS"]
[SourceTitle "CBM 153 Extra"]
[Source "ChessBase"]
[SourceDate "2013.04.22"]
[SourceVersion "1"]
[SourceVersionDate "2013.04.22"]
[SourceQuality "1"]

1. d4 g6 2. e4 Bg7 3. Nc3 d6 4. f4 Nc6 5. Be3 Nf6 6. Be2 0-0 7. Nf3 e5 8. dxe5 dxe5 9. Qxd8 Rxd8 10. fxe5 Ng4 11. Bg5 Rd7 12. Nd5 h6 13. Nf6+ Bxf6 14. Bxf6 Nb4 15. 0-0 Nxc2 16. Rac1 Nce3 17. Rfe1 Nxf6 18. exf6 Ng4 19. e5 h5 20. h3 Nh6 21. e6 fxe6 22. Ne5 Rd5 23. Bc4 Rxe5 24. Rxe5 Kf7 25. Rce1 Kxf6 26. Bxe6 Nf5 27. g4 hxg4 28. hxg4 Nd4 29. g5+ Kg7 30. Bd5 Bf5 31. Re7+ Kh8 1-0

[Event "Moscow-ch"]
[Site "Moscow"]
[Date "2012.03.18"]
[Round "9"]
[White "Losev, Dmitry"]
[Black "Gagarin, Vasilij"]
[Result "0-1"]
[WhiteElo "2315"]
[BlackElo "2378"]
[PlyCount "80"]
[EventDate "2012.03.10"]
[EventType "swiss"]
[EventRounds "9"]
[EventCountry "RUS"]
[SourceTitle "CBM 147 Extra"]
[Source "ChessBase"]
[SourceDate "2012.04.24"]
[SourceVersion "1"]
[SourceVersionDate "2012.04.24"]
[SourceQuality "1"]

1. e4 c5 2. Nf3 d6 3. b3 Nc6 4. Bb5 Bd7 5. 0-0 Nf6 6. Re1 g6 7. Bb2 Bg7 8. a4 0-0 9. Na3 a6 10. Bf1 Rb8 11. h3 h6 12. Bc3 Kh7 13. Qc1 e5 14. Nc4 Be6 15. a5 Nh5 16. Qd1 Nf4 17. d3 f5 18. Bd2 fxe4 19. dxe4 Nd4 20. Re3 Qf6 21. Nh2 h5 22. Kh1 Rbd8 23. c3 Nc6 24. Nb6 Bh6 25. Rg3 Ne7 26. Be3 d5 27. Bxc5 dxe4 28. Qe1 Nd3 29. Bxd3 exd3 30. c4 d2 31. Qe2 e4 32. Rd1 Rf7 33. Nf1 Nf5 34. Nxd2 Nxg3+ 35. fxg3 Qe5 36. Be3 Bxe3 37. Qxe3 Rd3 38. Qe2 Qd4 39. Nd5 Bxd5 40. cxd5 Rf2 0-1

[Event "Moscow-ch"]
[Site "Moscow"]
[Date "2012.03.17"]
[Round "8"]
[White "Konovalov, Nikolay"]
[Black "Losev, Dmitry"]
[Result "1-0"]
[WhiteElo "2424"]
[BlackElo "2315"]
[PlyCount "49"]
[EventDate "2012.03.10"]
[EventType "swiss"]
[EventRounds "9"]
[EventCountry "RUS"]
[SourceTitle "CBM 147 Extra"]
[Source "ChessBase"]
[SourceDate "2012.04.24"]
[SourceVersion "1"]
[SourceVersionDate "2012.04.24"]
[SourceQuality "1"]

1. d4 g6 2. e4 Bg7 3. Nc3 d6 4. Bg5 Nc6 5. Nge2 h6 6. Bh4 Nf6 7. Qd2 0-0 8. 0-0-0 Re8 9. f4 Bg4 10. Qe3 Qb8 11. e5 Nd7 12. e6 fxe6 13. h3 Bxe2 14. Qxe6+ Kh7 15. Bxe2 Nf8 16. Qf7 Qc8 17. Bg4 Qd8 18. d5 Nb8 19. Rde1 Nbd7 20. Bxe7 Qb8 21. f5 gxf5 22. Qxf5+ Kh8 23. Bh5 Rc8 24. Ne4 Ne5 25. Nf6 1-0

[Event "Moscow-ch"]
[Site "Moscow"]
[Date "2012.03.14"]
[Round "5"]
[White "Losev, Dmitry"]
[Black "Mesropov, Konstantin Eduard"]
[Result "1-0"]
[WhiteElo "2315"]
[BlackElo "2424"]
[PlyCount "73"]
[EventDate "2012.03.10"]
[EventType "swiss"]
[EventRounds "9"]
[EventCountry "RUS"]
[SourceTitle "CBM 147 Extra"]
[Source "ChessBase"]
[SourceDate "2012.04.24"]
[SourceVersion "1"]
[SourceVersionDate "2012.04.24"]
[SourceQuality "1"]

1. e4 e6 2. d4 d5 3. Nd2 Nc6 4. Ngf3 Nf6 5. e5 Nd7 6. Be2 f6 7. exf6 Qxf6 8. Nf1 Bd6 9. Ne3 0-0 10. 0-0 Qg6 11. c4 Nf6 12. c5 Bf4 13. Nc2 e5 14. dxe5 Bxe5 15. Nxe5 Nxe5 16. Bf4 Re8 17. Rc1 c6 18. Nd4 Qf7 19. h3 Ng6 20. Bh2 Nh4 21. Bd3 Ne4 22. f3 Qg6 23. g4 Qh6 24. fxe4 Qe3+ 25. Rf2 Qxd4 26. exd5 Re1+ 27. Qxe1 Nf3+ 28. Kg2 Nxe1+ 29. Rxe1 Bd7 30. Bc2 Qxc5 31. d6 Qd5+ 32. Kg1 c5 33. Re5 Qd4 34. Re4 Qd5 35. Re5 Qxa2 36. Re7 Re8 37. Be5 1-0

[Event "Moscow-ch"]
[Site "Moscow"]
[Date "2012.03.13"]
[Round "4"]
[White "Arslanov, Shamil"]
[Black "Losev, Dmitry"]
[Result "0-1"]
[WhiteElo "2416"]
[BlackElo "2315"]
[PlyCount "62"]
[EventDate "2012.03.10"]
[EventType "swiss"]
[EventRounds "9"]
[EventCountry "RUS"]
[SourceTitle "CBM 147 Extra"]
[Source "ChessBase"]
[SourceDate "2012.04.24"]
[SourceVersion "1"]
[SourceVersionDate "2012.04.24"]
[SourceQuality "1"]

1. e4 c5 2. Nf3 d6 3. d4 cxd4 4. Nxd4 Nf6 5. Nc3 g6 6. Be3 Bg7 7. f3 a6 8. Qd2 h5 9. 0-0-0 b5 10. Nd5 Bb7 11. Nb6 Qxb6 12. Ne6 Bh6 13. Ng7+ Kf8 14. Bxh6 Kg8 15. Nf5 Qc7 16. Bg7 gxf5 17. Qg5 Nh7 18. Qh6 fxe4 19. fxe4 Nd7 20. Rd3 Bxe4 21. Rc3 Qa5 22. Bd3 Ndf6 23. Bxe4 Nxe4 24. Rg3 Nxg3 25. hxg3 Qb4 26. Bxh8 Kxh8 27. Qxh5 Qe4 28. Qxf7 b4 29. g4 Rc8 30. c3 bxc3 31. b4 c2 0-1

[Event "Moscow op-A"]
[Site "Moscow"]
[Date "2012.02.02"]
[Round "6"]
[White "Saduakassova, Dinara"]
[Black "Losev, Dmitry"]
[Result "1/2-1/2"]
[WhiteElo "2191"]
[BlackElo "2321"]
[PlyCount "121"]
[EventDate "2012.01.28"]
[EventType "swiss"]
[EventRounds "9"]
[EventCountry "RUS"]
[SourceTitle "CBM 146 Extra"]
[Source "ChessBase"]
[SourceDate "2012.02.29"]
[SourceVersion "1"]
[SourceVersionDate "2012.02.29"]
[SourceQuality "1"]

1. e4 c5 2. Nf3 d6 3. d4 cxd4 4. Nxd4 Nf6 5. f3 Nc6 6. c4 e5 7. Nc2 Be7 8. Be3 0-0 9. Nc3 Nh5 10. Nd5 Bg5 11. Bf2 Nf4 12. Nxf4 Bxf4 13. Ne3 Be6 14. a3 Qb6 15. Nd5 Qxb2 16. Bd3 Bxd5 17. cxd5 Qc3+ 18. Kf1 Nd4 19. Ra2 Rfc8 20. g3 Bh6 21. Kg2 Rc7 22. Qb1 g6 23. Rd1 Rac8 24. Qb4 Qb3 25. Qxb3 Nxb3 26. Bxa7 Rc3 27. Bb1 Nc1 28. Rb2 Rb3 29. Rxb3 Nxb3 30. Bb6 Ra8 31. Bc7 Bf8 32. Rd3 Nd4 33. Bb6 Nb5 34. Rb3 Nxa3 35. Bd3 Ra4 36. Bd8 b5 37. Bxb5 Nxb5 38. Rxb5 f5 39. Rb8 Kf7 40. Bg5 h6 41. Rb7+ Kg8 42. Be7 Bxe7 43. Rxe7 fxe4 44. fxe4 Rxe4 45. Re6 Kf7 46. Rxd6 Re2+ 47. Kf3 Rxh2 48. Re6 Rh5 49. Ra6 Rf5+ 50. Ke4 Rg5 51. Ra7+ Kf6 52. Ra6+ Ke7 53. Ra7+ Kd6 54. Ra6+ Kc7 55. Ra7+ Kb6 56. Ra3 Kc5 57. Ra5+ Kb4 58. Ra8 Kc5 59. Ra5+ Kb4 60. Ra8 Kc5 61. Ra5+ 1/2-1/2

[Event "Moscow op-A"]
[Site "Moscow"]
[Date "2012.02.01"]
[Round "5"]
[White "Losev, Dmitry"]
[Black "Javakhadze, Zurab"]
[Result "0-1"]
[WhiteElo "2321"]
[BlackElo "2413"]
[PlyCount "56"]
[EventDate "2012.01.28"]
[EventType "swiss"]
[EventRounds "9"]
[EventCountry "RUS"]
[SourceTitle "CBM 146 Extra"]
[Source "ChessBase"]
[SourceDate "2012.02.29"]
[SourceVersion "1"]
[SourceVersionDate "2012.02.29"]
[SourceQuality "1"]

1. e4 e5 2. Nf3 Nc6 3. Bc4 Nf6 4. Ng5 d5 5. exd5 Na5 6. Bb5+ c6 7. dxc6 bxc6 8. Be2 h6 9. Nf3 e4 10. Ne5 Bd6 11. f4 0-0 12. Nc3 c5 13. d4 cxd4 14. Qxd4 Bxe5 15. Qxe5 Nc6 16. Qc5 Nd4 17. Bd1 e3 18. 0-0 Re8 19. Ne2 Nf5 20. a4 Ne4 21. Qb5 Nf2 22. Ra3 a6 23. Qc5 Rb8 24. Rc3 Qh4 25. Qd5 Be6 26. Qf3 Rbd8 27. Ng3 Nxg3 28. hxg3 Qh1# 0-1

[Event "Moscow IM-A 06"]
[Site "Moscow"]
[Date "2011.06.23"]
[Round "9"]
[White "Losev, Dmitry"]
[Black "Turutin, Alexander"]
[Result "1-0"]
[WhiteElo "2290"]
[BlackElo "2402"]
[PlyCount "71"]
[EventDate "2011.06.09"]
[EventType "tourn"]
[EventRounds "9"]
[EventCountry "RUS"]
[SourceTitle "EXT 2013"]
[Source "ChessBase"]
[SourceDate "2012.11.22"]
[SourceVersion "1"]
[SourceVersionDate "2012.11.22"]
[SourceQuality "1"]

1. e4 c5 2. Nf3 Nc6 3. b3 e5 4. Bb5 d6 5. 0-0 Nf6 6. Re1 Be7 7. c3 0-0 8. Na3 Bd7 9. Nc2 a6 10. Bf1 d5 11. exd5 Nxd5 12. Nxe5 Nxe5 13. Rxe5 Bc6 14. c4 Bf6 15. cxd5 Bxe5 16. dxc6 Bxa1 17. cxb7 Rb8 18. Nxa1 Qf6 19. Ba3 Qc6 20. Qc1 Rfd8 21. b4 Qxb7 22. bxc5 Qb1 23. Qxb1 Rxb1 24. Nb3 a5 25. c6 a4 26. Nc5 Rc8 27. Nxa4 Rxc6 28. Nc3 Re1 29. f3 Ra6 30. Bb4 Rc1 31. Kf2 Ra8 32. a3 Rc2 33. Nd5 g6 34. Bb5 Ra2 35. a4 f5 36. Nb6 1-0

[Event "Moscow IM-A 06"]
[Site "Moscow"]
[Date "2011.06.21"]
[Round "8"]
[White "Zhidkov, Valery S"]
[Black "Losev, Dmitry"]
[Result "1/2-1/2"]
[WhiteElo "2327"]
[BlackElo "2290"]
[PlyCount "35"]
[EventDate "2011.06.09"]
[EventType "tourn"]
[EventRounds "9"]
[EventCountry "RUS"]
[SourceTitle "EXT 2013"]
[Source "ChessBase"]
[SourceDate "2012.11.22"]
[SourceVersion "1"]
[SourceVersionDate "2012.11.22"]
[SourceQuality "1"]

1. Nf3 Nf6 2. c4 c5 3. Nc3 Nc6 4. d4 cxd4 5. Nxd4 e6 6. g3 Bc5 7. Nb3 Bb4 8. Bd2 d5 9. cxd5 Nxd5 10. Bg2 Nxc3 11. Bxc3 Qxd1+ 12. Rxd1 Bxc3+ 13. bxc3 Bd7 14. Nc5 0-0-0 15. Nxd7 Rxd7 16. Bxc6 Rxd1+ 17. Kxd1 bxc6 18. Kc2 1/2-1/2

[Event "Moscow IM-A 06"]
[Site "Moscow"]
[Date "2011.06.20"]
[Round "7"]
[White "Losev, Dmitry"]
[Black "Rozanov, Pavel B"]
[Result "1/2-1/2"]
[WhiteElo "2290"]
[BlackElo "2276"]
[PlyCount "28"]
[EventDate "2011.06.09"]
[EventType "tourn"]
[EventRounds "9"]
[EventCountry "RUS"]
[SourceTitle "EXT 2013"]
[Source "ChessBase"]
[SourceDate "2012.11.22"]
[SourceVersion "1"]
[SourceVersionDate "2012.11.22"]
[SourceQuality "1"]

1. e4 e5 2. Nf3 Nc6 3. Bb5 a6 4. Ba4 Nf6 5. 0-0 Be7 6. Re1 b5 7. Bb3 d6 8. c3 0-0 9. h3 Na5 10. Bc2 c5 11. d4 Qc7 12. Nbd2 cxd4 13. cxd4 exd4 14. Nxd4 Re8 1/2-1/2